Military Database.

Military database covers topics across all government and military branches, including international relations, political science, criminology, defense, aeronautics and space flight, communications and civil engineering. Full-text titles including scholarly journals, trade and industry journals, mag...

Full description

Bibliographic Details
Format: Database
Language:English
Published: Ann Arbor, Michigan : ProQuest LLC
Subjects:
Online Access:http://proxy.library.tamu.edu/login?url=http://coral.library.tamu.edu/resourcelink.php?resource=1664
http://proxy.library.tamu.edu/login?url=http://coral.library.tamu.edu/resourcelink.php?resource=16494

MARC

Tag First Indicator Second Indicator Subfields
LEADER 00000cai a2200000 i 4500
001 in00002578721
005 20221111170951.9
006 m o d
007 cr |||||||||||
007 cr ||||||||||
008 100917c20089999miukx doo 0 2eng c
010 |a  2014254881 
019 |a 858282815 
029 1 |a AU@  |b 000050193230 
035 |a (OCoLC)664358532 
040 |a SST  |b eng  |e rda  |c SST  |d TXA  |d OCLCQ  |d OCLCF  |d OCLCO  |d NDD  |d OCL  |d NDD 
042 |a pcc 
049 |a TXAM 
090 |a U1  |b .P76 
245 0 0 |a Military Database. 
246 3 0 |a Military collection 
247 1 0 |a ProQuest military collection  |f <Nov. 18, 2014-Oct. 2016> 
264 1 |a Ann Arbor, Michigan :  |b ProQuest LLC 
300 |a 1 online resource 
310 |a Updated continuously 
336 |a text  |b txt  |2 rdacontent 
337 |a computer  |b c  |2 rdamedia 
338 |a online resource  |b cr  |2 rdacarrier 
362 1 |a Began in 2008? 
500 |a Full text for certain publications is subject to market availability. 
506 |a Access restricted to subscribing institutions. 
520 |a Military database covers topics across all government and military branches, including international relations, political science, criminology, defense, aeronautics and space flight, communications and civil engineering. Full-text titles including scholarly journals, trade and industry journals, magazines, technical reports, conference proceedings and government publications. 
588 |a Description based on content viewed on November 7, 2016; title from home page. 
650 7 |a International relations.  |2 fast  |0 (OCoLC)fst00977053 
650 7 |a Military art and science.  |2 fast  |0 (OCoLC)fst01020874 
650 7 |a National security.  |2 fast  |0 (OCoLC)fst01033711 
650 7 |a Political science.  |2 fast  |0 (OCoLC)fst01069781 
650 0 |a International relations  |v Databases. 
651 7 |a United States.  |2 fast  |0 (OCoLC)fst01204155 
655 7 |a Databases.  |2 fast  |0 (OCoLC)fst01411643 
710 2 |a ProQuest (Firm),  |e publisher. 
856 4 0 |u http://proxy.library.tamu.edu/login?url=http://coral.library.tamu.edu/resourcelink.php?resource=1664  |t 0 
856 4 2 |u http://proxy.library.tamu.edu/login?url=http://coral.library.tamu.edu/resourcelink.php?resource=16494  |t 0 
948 |h HELD BY TXA - 20 OTHER HOLDINGS 
994 |a Z0  |b TXA 
999 f f |s eba0c33d-0b40-3af7-b855-85080c875503  |i 2559df9c-414b-3552-ba1c-210e94f3ee64  |t 0 
952 f f |a Texas A&M University  |b College Station  |c Electronic Resources  |d Available Online  |t 0  |e U1 .P76  |g Electronic  |h Library of Congress classification 
998 f f |a U1 .P76  |t 0  |l Available Online